000 01918nam0a22003011 4500
001 rc\2658350
005 20250529193108.0
035 _a(NLR Aleph) 006965521
090 _a5387782
_c5387782
100 _a20110615d1932 |||y0rusy50 ca
101 0 _arus
102 _aRU
105 _aa z |||||
200 1 _aФизические методы лечения в их практическом применении
_e(Пособие для врачей и студентов)
_fС.С. Лепский
_gПри участии: проф. В.А. Александрова ..., проф. С.А. Бруштейна, проф. Г.П. Мещерского ... [и др.]
_gПод общ. ред. А. Лакера директора Физиотерапевт. ин-та при Рудольф Вирховской больнице в Берлине
210 _aМосква
_aЛенинград
_cОгиз
_cГос. мед. изд-во
_d1932 [на обл: 1931]
_eЛенинград
_gтип. им. Евг. Соколовой
215 _a275 с., 1 с. объявл.
_cил.
_d27х18 см
300 _aИз предисловия: "Я очень охотно откликнулся на просьбу автора просмотреть и дополнить моими собственными наблюдениями составленные им таблицы физических методов лечения и объяснения к ним" ... А. Лакер
320 _aБиблиогр.: "Литература" (с. 267-72)
700 1 _aЛепский
_bС.С.
_f1891-
_gСемен Семенович
702 1 _aАлександров
_bВ.А.
_4570
702 1 _aБруштейн
_bС.А.
_4570
702 1 _aМещерский
_bГ.П.
_4570
702 1 _aЛакер
_bА.
_gАвгуст
_4570
801 0 _aRU
_bNLR
_gpsbo
801 1 _aRU
_bELAR
_2rusmarc
852 _aNLR
_j32-5/217
942 _cBOOK
980 _aNB